[Event "26th EUR-ch"]
[Site "Katowice POL"]
[Date "2026.04.18"]
[Round "10.213"]
[White "Bialowas, Maria"]
[Black "Zawisza, Alan"]
[Result "0-1"]
[WhiteElo "1667"]
[BlackElo "2007"]
[EventDate "2026.04.07"]
[PlyCount "82"]

1.e4 c5 2.Nf3 Nc6 3.d4 cxd4 4.Nxd4 Qb6 5.Nb3 Nf6 6.Nc3 e6 7.Be3 Qc7 8.f3 
Bb4 9.Bd2 O-O 10.Nb5 Bxd2+ 11.Qxd2 Qe5 12.O-O-O d5 13.exd5 Nxd5 14.Re1 Qf6
15.Bc4 Nb6 16.Be2 Rd8 17.Qe3 Nd5 18.Qf2 a6 19.N5d4 Nxd4 20.Nxd4 e5 21.Nb3 
Bf5 22.a3 Bxc2 23.Kxc2 Qf5+ 24.Bd3 Nb4+ 25.axb4 Qxd3+ 26.Kc1 Qxb3 27.Rxe5 
Qxb4 28.Rhe1 a5 29.R1e3 Qa4 30.Qe1 Rac8+ 31.Rc3 Rxc3+ 32.bxc3 Qa1+ 33.Kc2 
Qa2+ 34.Kc1 Kf8 35.Qe2 Qa1+ 36.Kc2 a4 37.Re3 a3 38.Kb3 Qb1+ 39.Kc4 a2 40.
g4 a1=Q 41.h4 Qa6+ 0-1

[Event "26th EUR-ch"]
[Site "Katowice POL"]
[Date "2026.04.18"]
[Round "10.215"]
[White "Zuqanov, Ali"]
[Black "Rudowski, Szymon"]
[Result "1/2-1/2"]
[WhiteElo "2015"]
[BlackElo "1810"]
[EventDate "2026.04.07"]
[PlyCount "235"]

1.e4 c5 2.Nf3 d6 3.d4 cxd4 4.Nxd4 Nf6 5.Nc3 g6 6.Be3 Bg7 7.Qd2 O-O 8.O-O-O
Ng4 9.Bg5 h6 10.Bh4 Bxd4 11.Qxd4 e5 12.Bxd8 exd4 13.Be7 dxc3 14.Bxf8 Kxf8 
15.e5 Nxf2 16.Rxd6 Ke7 17.Rg1 cxb2+ 18.Kxb2 Be6 19.Bb5 Ng4 20.Rgd1 a6 21.
Be2 Nxe5 22.Rd8 Nec6 23.Rh8 h5 24.Re1 Kf6 25.h3 Ra7 26.g4 Kg7 27.Re8 Bd7 
28.Re3 h4 29.g5 Nd4 30.Bg4 Nf5 31.Re4 Ng3 32.Re7 Bf5 33.Rc7 Nc6 34.Re8 
Bxg4 35.hxg4 Nf5 36.gxf5 gxf5 37.Rcc8 Kg6 38.Rh8 Kxg5 39.Rcg8+ Kf6 40.Rxh4
Ne5 41.Rh5 Ng6 42.Rc8 Ne7 43.Rc7 Nd5 44.Rc5 Ne3 45.Rh3 Ng4 46.Rf3 Nh6 47.
Rc7 Kg5 48.Rg3+ Kf6 49.c4 f4 50.Rh3 Ng4 51.c5 Ne5 52.Kc3 Kf5 53.Kd4 Nc6+ 
54.Kd3 Kg4 55.Rh7 Ra8 56.Ke2 Re8+ 57.Kf2 Re5 58.Rg7+ Kf5 59.Rcxf7+ Ke6 60.
Rxf4 Rxc5 61.Re4+ Kf5 62.Re2 b5 63.Rc7 Rc4 64.Rf7+ Kg6 65.Rc7 Kf6 66.Rd2 
Ke6 67.Rh7 Kf5 68.Rf7+ Ke6 69.Rc7 a5 70.Ke1 Ne5 71.Rxc4 Nxc4 72.Rd8 Ke5 
73.Kd1 Nd6 74.Kc2 Kd5 75.Kb3 Kc5 76.Rh8 a4+ 77.Kc2 Nc4 78.Kc3 b4+ 79.Kc2 
Na3+ 80.Kd3 Nb1 81.Rh5+ Kc6 82.Kc4 b3 83.axb3 axb3 84.Rh6+ Kd7 85.Kxb3 
Nd2+ 86.Kc3 Ne4+ 87.Kd4 Nd6 88.Kd5 Nf7 89.Ra6 Ke7 90.Rb6 Nd8 91.Rd6 Ke8 
92.Rh6 Ke7 93.Rh7+ Nf7 94.Rh1 Kf6 95.Rf1+ Ke7 96.Rf5 Nd8 97.Re5+ Kd7 98.
Rh5 Ke7 99.Rh7+ Nf7 100.Kc6 Kf6 101.Kd7 Ne5+ 102.Ke8 Kf5 103.Ke7 Ng6+ 104.
Kf7 Ne5+ 105.Kg7 Ke4 106.Kf6 Ng4+ 107.Ke6 Kf4 108.Rf7+ Ke4 109.Ra7 Ne3 
110.Ra4+ Kd3 111.Ke5 Nc4+ 112.Kf4 Kd4 113.Rb4 Kc5 114.Ra4 Kd4 115.Rb4 Kc5 
116.Ra4 Kd4 117.Rb4 Kc5 118.Ra4 1/2-1/2

[Event "26th EUR-ch"]
[Site "Katowice POL"]
[Date "2026.04.18"]
[Round "10.216"]
[White "Biela, Jan"]
[Black "Radzikowski, Dawid"]
[Result "0-1"]
[WhiteElo "1806"]
[BlackElo "2007"]
[EventDate "2026.04.07"]
[PlyCount "108"]

1.Nf3 f5 2.e4 d6 3.exf5 Bxf5 4.d4 Nf6 5.Bd3 Qd7 6.Nc3 c6 7.Ne2 g6 8.Ng3 
Bxd3 9.Qxd3 Bg7 10.O-O Na6 11.Bd2 Nc7 12.c4 O-O 13.Bc3 e6 14.Rad1 Rad8 15.
Rfe1 b6 16.b4 b5 17.c5 dxc5 18.bxc5 Nfd5 19.Bd2 Qf7 20.Qe2 Nf4 21.Bxf4 
Qxf4 22.Qe4 Rd5 23.Qxf4 Rxf4 24.Re4 Rxe4 25.Nxe4 b4 26.Nd6 Kf8 27.Nc4 Nb5 
28.Ne3 Nxd4 29.Nxd5 Nxf3+ 30.gxf3 exd5 31.Kf1 a5 32.Ke2 a4 33.Rb1 b3 34.a3
Bd4 35.Kd3 Bxc5 36.Rc1 b2 37.Rb1 Bxa3 38.Kc3 Kf7 39.Kc2 Kf6 40.Rg1 d4 41.
Rd1 c5 42.Rd3 Bb4 43.Kxb2 Ke5 44.f4+ Kxf4 45.Rh3 h5 46.Rd3 Ke4 47.Rg3 c4 
48.Rxg6 Kd3 49.Kc1 c3 50.Rg3+ Kc4 51.Kc2 a3 52.Rg8 d3+ 53.Kc1 a2 54.Ra8 
Kb3 0-1

[Event "26th EUR-ch"]
[Site "Katowice POL"]
[Date "2026.04.18"]
[Round "10.217"]
[White "Stierhof, Michael"]
[Black "Stawecki, Bartlomiej"]
[Result "1/2-1/2"]
[WhiteElo "1993"]
[BlackElo "1776"]
[EventDate "2026.04.07"]
[PlyCount "91"]

1.Nf3 Nf6 2.c4 e6 3.g3 d5 4.Bg2 Be7 5.O-O O-O 6.b3 b6 7.Bb2 Bb7 8.e3 c5 9.
Qe2 Nbd7 10.d3 Qc7 11.Nc3 Rad8 12.e4 d4 13.Nd1 Ne8 14.Nd2 Bg5 15.f4 Bh6 
16.e5 Bxg2 17.Kxg2 f6 18.exf6 Qc6+ 19.Qe4 Qxe4+ 20.Nxe4 gxf6 21.Ndf2 f5 
22.Nd2 e5 23.Nf3 exf4 24.Bc1 Kf7 25.Bxf4 Bxf4 26.gxf4 h6 27.Nh1 Ng7 28.
Rae1 Rde8 29.Ne5+ Nxe5 30.fxe5 Re6 31.Ng3 Kg6 32.Kf3 f4 33.Ne4 Kf7 34.Kxf4
Ke7+ 35.Nf6 Nh5+ 36.Kf5 Nxf6 37.exf6+ Rxf6+ 38.Kg4 Rxf1 39.Rxf1 Re3 40.Rf3
Re2 41.Rh3 Rxa2 42.Kf5 Kd7 43.Rxh6 Ke7 44.Rh3 Re2 45.Rg3 Re3 46.Kf4 
1/2-1/2

[Event "26th EUR-ch"]
[Site "Katowice POL"]
[Date "2026.04.18"]
[Round "10.218"]
[White "Dovzhenko, Oleksandr"]
[Black "Babinska, Liwia"]
[Result "1-0"]
[WhiteElo "1990"]
[BlackElo "1763"]
[EventDate "2026.04.07"]
[PlyCount "89"]

1.e4 c5 2.b4 cxb4 3.a3 e5 4.Nf3 Nc6 5.Bc4 Nf6 6.Ng5 d5 7.exd5 b5 8.Ba2 b3 
9.Bxb3 Nd4 10.O-O h6 11.Nf3 Bg4 12.c3 Nxf3+ 13.gxf3 Bh3 14.Re1 Nd7 15.f4 
h5 16.d4 Be7 17.d6 Rh6 18.f5 Bg5 19.dxe5 Bxc1 20.Qxc1 Bxf5 21.Qf4 Be6 22.
Bxe6 Rxe6 23.Nd2 Rc8 24.Nf3 Rg6+ 25.Kh1 Rxc3 26.Rac1 Rg4 27.Qd2 Rxf3 28.e6
Qa8 29.exd7+ Kxd7 30.Rc7+ Kd8 31.Rxa7 Qxa7 32.Qe2 Re3 33.fxe3 Qxa3 34.Qf3 
Qb3 35.Qb7 Qe6 36.Qb8+ Kd7 37.Qxb5+ Kd8 38.e4 Qxd6 39.Qxh5 Qf4 40.Rd1+ Ke7
41.Qc5+ Ke6 42.Qc6+ Ke5 43.Rd5+ Kxe4 44.Qc4+ Ke3 45.Rd3+ 1-0

[Event "26th EUR-ch"]
[Site "Katowice POL"]
[Date "2026.04.18"]
[Round "10.219"]
[White "Gawronski, Michal"]
[Black "Zabawski, Grzegorz"]
[Result "1-0"]
[WhiteElo "1717"]
[BlackElo "1984"]
[EventDate "2026.04.07"]
[PlyCount "111"]

1.d4 e6 2.c4 b6 3.Nf3 Bb7 4.Nc3 Bb4 5.Bd2 Nf6 6.e3 O-O 7.a3 Bxc3 8.Bxc3 d5
9.Ne5 Nbd7 10.Nxd7 Qxd7 11.f3 dxc4 12.Bxc4 Nd5 13.e4 Ne3 14.Qe2 Nxc4 15.
Qxc4 a5 16.Qd3 Rfe8 17.O-O-O b5 18.b4 axb4 19.Bxb4 Ra4 20.Kb2 Rd8 21.Rd2 
c5 22.Bxc5 Rc4 23.Rc1 Rxc1 24.Kxc1 Ba6 25.Kb2 Qc7 26.g3 e5 27.Qe3 exd4 28.
Bxd4 Rc8 29.Bc3 b4 30.axb4 Bc4 31.Qc5 f6 32.Qxc7 Rxc7 33.Bd4 Kf7 34.Bc5 
Ke6 35.Kc3 Bb5 36.Rd6+ Ke5 37.Rb6 Bf1 38.Rb8 Ke6 39.f4 Bg2 40.f5+ Kd7 41.
Kd4 Bf3 42.Rg8 Kc6 43.Rd8 Bg2 44.h4 Kb5 45.Kd5 Rb7 46.Kd4 Kc6 47.h5 h6 48.
Ke3 Kb5 49.Kf4 Kc4 50.e5 fxe5+ 51.Kxe5 Bf3 52.Rd4+ Kb5 53.g4 Rf7 54.Kf4 
Bb7 55.Rd6 Kc4 56.Re6 1-0

[Event "26th EUR-ch"]
[Site "Katowice POL"]
[Date "2026.04.18"]
[Round "10.220"]
[White "Szczypka, Sebastian"]
[Black "Galazka, Aleksander"]
[Result "0-1"]
[WhiteElo "1719"]
[BlackElo "1913"]
[EventDate "2026.04.07"]
[PlyCount "84"]

1.e4 d5 2.exd5 Nf6 3.d4 Bg4 4.Be2 Bxe2 5.Qxe2 Qxd5 6.Nf3 Nc6 7.c4 Qf5 8.a3
O-O-O 9.d5 Na5 10.Nd4 Qe4 11.Be3 e5 12.dxe6 Rxd4 13.Bxd4 Qxd4 14.Nc3 Qxc4 
15.Qf3 Qxe6+ 16.Ne2 Nc4 17.Rc1 Ne5 18.Qc3 Nd5 19.Qc2 Bc5 20.O-O Bb6 21.Ng3
Ng4 22.Ne4 Qh6 23.h3 Nge3 24.Qb3 Nxf1 25.Rxf1 Rd8 26.Rd1 Qe6 27.Ng5 Qe2 
28.Rxd5 Qxf2+ 29.Kh2 Qf4+ 30.Kh1 Qf1+ 31.Kh2 Bg1+ 32.Kg3 Qf2+ 33.Kg4 Qxg2+
34.Kh5 Rxd5 35.Qxd5 Qxd5 36.h4 Qf5 37.b4 a5 38.bxa5 Bc5 39.a6 Bf8 40.axb7+
Kd7 41.b8=N+ Kd6 42.Nd7 g6# 0-1

[Event "26th EUR-ch"]
[Site "Katowice POL"]
[Date "2026.04.18"]
[Round "10.221"]
[White "Ciupek, Oskar"]
[Black "Spanos, Nomikos"]
[Result "1/2-1/2"]
[WhiteElo "1683"]
[BlackElo "1885"]
[EventDate "2026.04.07"]
[PlyCount "63"]

1.e4 e5 2.Nf3 Nc6 3.Bb5 f5 4.d3 fxe4 5.dxe4 Nf6 6.O-O d6 7.Bc4 h6 8.h3 Na5
9.Bd3 Be6 10.b4 Nc6 11.Bd2 Be7 12.Nh4 g5 13.b5 Nb8 14.Ng6 Rg8 15.Nxe7 Qxe7
16.Nc3 Nbd7 17.Be3 Qf7 18.b6 axb6 19.Nb5 Nc5 20.Bxc5 bxc5 21.c4 Kd7 22.Qb3
g4 23.h4 g3 24.f4 Qh5 25.fxe5 Ng4 26.Nxd6 Qxh4 27.Qb5+ Ke7 28.Rf7+ Kd8 29.
Nxb7+ Kc8 30.Nd6+ Kd8 31.Nb7+ Kc8 32.Nd6+ 1/2-1/2

[Event "26th EUR-ch"]
[Site "Katowice POL"]
[Date "2026.04.18"]
[Round "10.222"]
[White "Duda, Aleksandra"]
[Black "Demiroz, Alp"]
[Result "1-0"]
[WhiteElo "1878"]
[BlackElo "1762"]
[EventDate "2026.04.07"]
[PlyCount "205"]

1.d4 d5 2.Nf3 Nf6 3.Bf4 e6 4.e3 c5 5.c3 Nc6 6.Nbd2 Qb6 7.Qb3 c4 8.Qxb6 
axb6 9.Be2 Be7 10.O-O Bd7 11.b3 cxb3 12.axb3 O-O 13.Bc7 Rxa1 14.Rxa1 Bd8 
15.Bd6 Be7 16.Bxe7 Nxe7 17.c4 Nc6 18.h3 Rc8 19.Bd3 Nb4 20.Bb1 Kf8 21.Ne5 
h6 22.e4 Be8 23.exd5 exd5 24.Bf5 Rc7 25.Ndf3 g6 26.Bb1 Ke7 27.g4 Nd7 28.
Nd3 Nxd3 29.Bxd3 Nf6 30.Re1+ Kf8 31.Ne5 Bc6 32.f4 Rc8 33.g5 hxg5 34.fxg5 
Nd7 35.Ng4 Re8 36.Rf1 Kg7 37.Kh2 Re6 38.h4 Rd6 39.Nh6 f6 40.Re1 f5 41.Bxf5
dxc4 42.bxc4 Kf8 43.Bxd7 Bxd7 44.Rf1+ Ke8 45.d5 b5 46.Nf7 Ra6 47.c5 Ra2+ 
48.Kg1 Rc2 49.Nd6+ Kd8 50.Nxb7+ Kc7 51.c6 Bxc6 52.dxc6 Kxc6 53.Na5+ Kb6 
54.Nb3 Rc4 55.Rf6+ Kc7 56.Rxg6 Rxh4 57.Kg2 Rg4+ 58.Kf3 Rc4 59.Nd2 Rc2 60.
Ne4 b4 61.Rh6 b3 62.Rh1 b2 63.Rb1 Kd7 64.Kf4 Ke7 65.Kf5 Kf7 66.g6+ Kg7 67.
Rh1 Rh2 68.Rg1 Rc2 69.Rd1 Rc7 70.Rh1 Ra7 71.Rh7+ Kf8 72.Rh1 Kg7 73.Rh7+ 
Kf8 74.Rh8+ Kg7 75.Rb8 Ra5+ 76.Kg4 Kxg6 77.Rb6+ Kf7 78.Rxb2 Ke6 79.Ng5+ 
Kd6 80.Re2 Rb5 81.Ne4+ Kd7 82.Kf4 Ra5 83.Rd2+ Ke7 84.Rd6 Ra4 85.Rh6 Ra5 
86.Nc3 Kd7 87.Ke4 Rg5 88.Kd4 Rg2 89.Kd5 Rg5+ 90.Kc4 Rg4+ 91.Kc5 Rg1 92.
Rd6+ Ke7 93.Nd5+ Kf7 94.Rf6+ Kg7 95.Kd6 Rd1 96.Rf3 Rd2 97.Ke6 Ra2 98.Rg3+ 
Kf8 99.Nf4 Ra6+ 100.Kf5 Ra5+ 101.Kf6 Ra6+ 102.Ne6+ Ke8 103.Rg7 1-0

[Event "26th EUR-ch"]
[Site "Katowice POL"]
[Date "2026.04.18"]
[Round "10.223"]
[White "Kaplanova, Dominika"]
[Black "Gospodarczyk, Wlodzimierz"]
[Result "1-0"]
[WhiteElo "1869"]
[BlackElo "1730"]
[EventDate "2026.04.07"]
[PlyCount "73"]

1.e4 c5 2.c3 d6 3.Nf3 Nf6 4.Be2 Nc6 5.d3 g6 6.O-O Bg7 7.Re1 O-O 8.Bf1 Qc7 
9.Nbd2 Rd8 10.Nb3 b6 11.h3 Bb7 12.Bf4 Ne5 13.Nfd2 Nc6 14.Bh2 e5 15.f4 exf4
16.Bxf4 Nh5 17.Bh2 Be5 18.Nf3 Bxh2+ 19.Nxh2 d5 20.Be2 Ng3 21.exd5 Nxe2+ 
22.Qxe2 Rxd5 23.Ng4 Qd6 24.Nd2 f5 25.Nc4 Qd8 26.Qe6+ Kg7 27.Nf6 Rxd3 28.
Ne8+ Qxe8 29.Qxe8 Rxe8 30.Rxe8 Ba6 31.Na3 Rd2 32.Re6 Nd8 33.Re7+ Kf6 34.
Rae1 Rxb2 35.Rxa7 Bb7 36.Rd1 Bxg2 37.Nc4 1-0

[Event "26th EUR-ch"]
[Site "Katowice POL"]
[Date "2026.04.18"]
[Round "10.224"]
[White "Marcos Herrero, Francisco"]
[Black "Truchel, Tomasz"]
[Result "1-0"]
[WhiteElo "1854"]
[BlackElo "1698"]
[EventDate "2026.04.07"]
[PlyCount "113"]

1.c4 e5 2.g3 Bc5 3.Bg2 d6 4.Nc3 Nc6 5.e3 Nf6 6.Nf3 O-O 7.O-O Bb6 8.b3 Bf5 
9.d4 exd4 10.exd4 Bg4 11.Be3 Qd7 12.a3 a6 13.Qd2 h6 14.b4 Ne7 15.c5 Ba7 
16.Nh4 d5 17.Nf3 Bh3 18.Ne5 Qf5 19.f3 Bxg2 20.Kxg2 Rae8 21.a4 c6 22.Qd3 
Qxd3 23.Nxd3 Nf5 24.Bf2 Ne3+ 25.Bxe3 Rxe3 26.Rad1 Bb8 27.Rfe1 Rfe8 28.Rxe3
Rxe3 29.Kf2 Re7 30.b5 axb5 31.axb5 cxb5 32.Rb1 Bc7 33.Rxb5 Bd8 34.Nb4 Rd7 
35.Ke2 Kf8 36.Kd3 Ke7 37.c6 bxc6 38.Nxc6+ Ke6 39.Na4 Be7 40.Rb6 Kf5 41.Nc3
Bd8 42.Ra6 Rd6 43.h4 g5 44.g4+ Kf4 45.Ne2+ Kxf3 46.Ne5+ Kg2 47.Rxd6 Be7 
48.hxg5 Nxg4 49.Nxg4 Bxd6 50.gxh6 Bf8 51.h7 Bg7 52.Ne5 f5 53.Nf4+ Kg3 54.
Ke3 Kh4 55.Neg6+ Kg5 56.h8=Q Bxh8 57.Nxh8 1-0

[Event "26th EUR-ch"]
[Site "Katowice POL"]
[Date "2026.04.18"]
[Round "10.225"]
[White "Babczynski, Zbigniew"]
[Black "Pietrzak, Wojciech"]
[Result "0-1"]
[WhiteElo "1622"]
[BlackElo "1854"]
[EventDate "2026.04.07"]
[PlyCount "88"]

1.d4 d5 2.c4 dxc4 3.Nc3 a6 4.a4 e5 5.e3 exd4 6.exd4 Nc6 7.Be3 Na5 8.Qh5 c6
9.Nf3 Nf6 10.Qe5+ Be7 11.h3 O-O 12.Be2 Bd6 13.Qg5 Bb4 14.Ne5 Ne4 15.Qxd8 
Rxd8 16.Rc1 Be6 17.O-O Nxc3 18.bxc3 Ba3 19.Rb1 f6 20.Nf3 Nb3 21.Ne1 b5 22.
Nc2 Bd6 23.Bf3 Bd5 24.Bxd5+ cxd5 25.axb5 axb5 26.Na1 Nxa1 27.Rxa1 b4 28.
cxb4 Bxb4 29.Rfb1 Rxa1 30.Rxa1 Rd7 31.Kf1 Kf7 32.Ra4 Rb7 33.Ke2 Ke6 34.g4 
Kd7 35.h4 g6 36.Ra6 Bd6 37.Bc1 h5 38.f3 Rb1 39.Be3 Rb2+ 40.Kd1 Rb3 41.Kd2 
Ra3 42.Rxa3 Bxa3 43.g5 fxg5 44.Bxg5 Be7 0-1

[Event "26th EUR-ch"]
[Site "Katowice POL"]
[Date "2026.04.18"]
[Round "10.226"]
[White "Domoradzki, Tomasz"]
[Black "Trybus, Dominika"]
[Result "0-1"]
[WhiteElo "1661"]
[BlackElo "1843"]
[EventDate "2026.04.07"]
[PlyCount "56"]

1.d4 d5 2.c4 e6 3.Nf3 Nf6 4.Nc3 Be7 5.g3 O-O 6.Bg2 b6 7.cxd5 exd5 8.O-O 
Bb7 9.Qc2 Nbd7 10.Rd1 c5 11.dxc5 bxc5 12.e3 Rc8 13.Bd2 d4 14.Ne2 Be4 15.
Qc1 Qb6 16.Ne1 Bxg2 17.Nxg2 Ne5 18.exd4 Nf3+ 19.Kh1 cxd4 20.Qb1 Ng4 21.Be1
Qh6 22.h4 Bxh4 23.gxh4 Nxh4 24.Nxh4 Qxh4+ 25.Kg2 Qh2+ 26.Kf1 Qh1+ 27.Ng1 
Nh2+ 28.Ke2 Rfe8+ 0-1

[Event "26th EUR-ch"]
[Site "Katowice POL"]
[Date "2026.04.18"]
[Round "10.227"]
[White "Wojtowicz, Marek"]
[Black "Sowa, Maciej"]
[Result "1/2-1/2"]
[WhiteElo "1836"]
[BlackElo "1549"]
[EventDate "2026.04.07"]
[PlyCount "84"]

1.e4 c5 2.Nc3 e6 3.Nge2 Nc6 4.g3 d5 5.exd5 exd5 6.d4 Bg4 7.Bg2 Nxd4 8.Qd3 
Nxe2 9.Nxe2 Nf6 10.Bg5 Be7 11.h3 Bxe2 12.Qxe2 O-O 13.O-O-O h6 14.Bxf6 Bxf6
15.Bxd5 Qb6 16.c3 Qc7 17.h4 Rab8 18.Qf3 b5 19.Qf5 Rb6 20.g4 Be5 21.Be4 g6 
22.Qd7 Rd6 23.Qxc7 Rxd1+ 24.Rxd1 Bxc7 25.Rd7 Bb6 26.Bd5 Kg7 27.c4 bxc4 28.
Kc2 g5 29.h5 Kf6 30.Kc3 Ke5 31.Bxc4 f5 32.Rd5+ Kf4 33.gxf5 Rxf5 34.Rd6 g4 
35.Rxh6 Kg5 36.Rh8 Rf3+ 37.Bd3 Rxf2 38.h6 Bc7 39.Rg8+ Kxh6 40.Rxg4 Be5+ 
41.Kc4 Rxb2 42.Kxc5 Rxa2 1/2-1/2

[Event "26th EUR-ch"]
[Site "Katowice POL"]
[Date "2026.04.18"]
[Round "10.228"]
[White "Vukazic, Zlatko"]
[Black "Galuszka, Leon"]
[Result "0-1"]
[WhiteElo "1744"]
[BlackElo "1592"]
[EventDate "2026.04.07"]
[PlyCount "80"]

1.e4 c6 2.d4 d5 3.exd5 cxd5 4.Bd3 Nf6 5.c3 Nc6 6.Bf4 Bg4 7.Qb3 Qd7 8.Nd2 
e6 9.Ngf3 Bd6 10.Bxd6 Qxd6 11.O-O O-O 12.Rae1 Bh5 13.Ne5 Ng4 14.f4 Ngxe5 
15.fxe5 Qd7 16.Qc2 Bg6 17.Bxg6 fxg6 18.Qd3 Rxf1+ 19.Rxf1 Rf8 20.Rxf8+ Kxf8
21.Qh3 h6 22.Qf3+ Qf7 23.Qxf7+ Kxf7 24.Kf2 Ne7 25.a4 Nf5 26.b4 g5 27.a5 g4
28.Nb3 b6 29.b5 h5 30.g3 g5 31.a6 Ng7 32.Nc1 Ne8 33.Nd3 Nc7 34.Nb4 Nxb5 
35.Nc6 Ke8 36.Ke3 Kd7 37.Nb4 Nxc3 38.Kd3 Ne4 39.Nc2 Kc6 40.Ne3 Kb5 0-1

[Event "26th EUR-ch"]
[Site "Katowice POL"]
[Date "2026.04.18"]
[Round "10.229"]
[White "Pilch, Anna"]
[Black "Zyznowski, Adam"]
[Result "1-0"]
[WhiteElo "1699"]
[BlackElo "1596"]
[EventDate "2026.04.07"]
[PlyCount "121"]

1.e4 c5 2.Nf3 g6 3.d4 cxd4 4.Nxd4 Nc6 5.Nxc6 bxc6 6.Qd4 Nf6 7.e5 Nd5 8.e6 
Nf6 9.exd7+ Bxd7 10.Bc4 Bg4 11.Qd3 Bg7 12.O-O O-O 13.c3 Qa5 14.Na3 Rfd8 
15.Qe3 Qc7 16.Re1 Bf5 17.f3 Nd5 18.Bxd5 Rxd5 19.Qxe7 Qxe7 20.Rxe7 Rd1+ 21.
Kf2 Bh6 22.Re1 Bxc1 23.Rxc1 Rd2+ 24.Re2 Rad8 25.Ke1 Rxe2+ 26.Kxe2 Re8+ 27.
Kf2 Rd8 28.Re1 Be6 29.b3 Rd3 30.c4 Kg7 31.Ke2 Rd7 32.Ke3 Kf6 33.Ke2 h5 34.
Nc2 Bf5 35.Ne3 Re7 36.Kd2 Rd7+ 37.Kc1 Re7 38.a3 Be6 39.Kd2 Kg5 40.g3 f5 
41.f4+ Kf6 42.Nc2 Bd7 43.Rxe7 Kxe7 44.b4 Kd6 45.Kd3 c5 46.Na1 a6 47.Nb3 
cxb4 48.axb4 Bc8 49.Kd4 Bd7 50.Kd3 Bc8 51.Ke3 Be6 52.Kd4 Bd7 53.Nc5 Bc8 
54.Nd3 Bd7 55.Ne5 Be8 56.h3 Ke6 57.Kc5 g5 58.h4 gxh4 59.gxh4 Ba4 60.Kb6 
Kd6 61.Kxa6 1-0

[Event "26th EUR-ch"]
[Site "Katowice POL"]
[Date "2026.04.18"]
[Round "10.230"]
[White "Jaworski, Pawel"]
[Black "Wolynski, Antoni"]
[Result "0-1"]
[WhiteElo "1564"]
[BlackElo "1667"]
[EventDate "2026.04.07"]
[PlyCount "80"]

1.Nf3 c5 2.c4 Nf6 3.Nc3 e6 4.d4 cxd4 5.Nxd4 a6 6.g3 Bb4 7.Qc2 O-O 8.a3 
Bxc3+ 9.Qxc3 Ne4 10.Qc2 d5 11.Bg2 e5 12.cxd5 Nxf2 13.Kxf2 Qb6 14.e3 exd4 
15.exd4 Qxd4+ 16.Be3 Qf6+ 17.Ke1 Bf5 18.Qc3 Qg6 19.Kf2 Rc8 20.Qd4 Rc2+ 21.
Kg1 Qh5 22.Rc1 Rxc1+ 23.Bxc1 Qe2 24.Qd2 Qc4 25.Kf2 Nd7 26.Re1 Nc5 27.Kg1 
Nd3 28.Rf1 Bg6 29.Qc3 Qb5 30.Qd4 Rc8 31.Bf4 h6 32.d6 Rc4 33.Qa7 Be4 34.
Qb8+ Kh7 35.Be3 Bxg2 36.Rxf7 Qe5 37.Qa7 Bh3 38.d7 Rc1+ 39.Bxc1 Qe1+ 40.Rf1
Qxf1# 0-1

[Event "26th EUR-ch"]
[Site "Katowice POL"]
[Date "2026.04.18"]
[Round "10.231"]
[White "Janik, Albert"]
[Black "Szymura, Oliwia"]
[Result "1-0"]
[WhiteElo "1674"]
[BlackElo "1517"]
[EventDate "2026.04.07"]
[PlyCount "131"]

1.e4 c5 2.Nf3 g6 3.d4 cxd4 4.Nxd4 Bg7 5.Nc3 Nc6 6.Be3 Nf6 7.Bc4 O-O 8.Bb3 
d6 9.f3 Qa5 10.Qd2 Bd7 11.O-O-O Nxd4 12.Bxd4 Bc6 13.h4 Rfd8 14.h5 e5 15.
Be3 d5 16.Nxd5 Qxd2+ 17.Rxd2 Nxh5 18.Ne7+ Kh8 19.Rxd8+ Rxd8 20.Bxf7 Rd6 
21.Nxc6 Ng3 22.Re1 Rxc6 23.Bf2 Nh5 24.Bd5 Ra6 25.a3 b5 26.Bb7 Rf6 27.Rd1 
Bh6+ 28.Kb1 Nf4 29.Rd8+ Kg7 30.Rd7+ Kg8 31.g3 Nh3 32.Bd5+ Kh8 33.Bc5 Bf8 
34.Rd8 Kg7 35.Bxf8+ Rxf8 36.Rxf8 Kxf8 37.c4 bxc4 38.Bxc4 Ng5 39.Be2 Ke7 
40.Kc2 Kd6 41.Kc3 h6 42.b4 Ne6 43.a4 Nd4 44.Bd1 g5 45.f4 gxf4 46.gxf4 Ne6 
47.f5 Ng5 48.Kd3 Nh3 49.Ke3 Ng5 50.Bf3 Kc6 51.Bg4 Kd7 52.Bh5 Ke7 53.b5 Nh3
54.Bf3 Kd6 55.Bg2 Nf4 56.Bf1 Kc5 57.a5 h5 58.Kf3 Kd4 59.b6 h4 60.b7 h3 61.
b8=Q h2 62.Qxa7+ Kc3 63.Qc5+ Kb3 64.Bc4+ Kb2 65.Qf2+ Kc3 66.Qxh2 1-0

[Event "26th EUR-ch"]
[Site "Katowice POL"]
[Date "2026.04.18"]
[Round "10.232"]
[White "Lewinski, Leon"]
[Black "Krawczyk, Marcin"]
[Result "0-1"]
[WhiteElo "1572"]
[BlackElo "1663"]
[EventDate "2026.04.07"]
[PlyCount "82"]

1.e4 e5 2.Nf3 Nc6 3.Bc4 Nf6 4.d3 Bc5 5.c3 a6 6.Nbd2 d6 7.Nf1 Ba7 8.Ng3 h6 
9.O-O O-O 10.Be3 Bxe3 11.fxe3 Na5 12.Bb3 Nxb3 13.axb3 Bd7 14.Qd2 Bc6 15.
Qc2 Re8 16.Rae1 b5 17.d4 Qc8 18.d5 Bb7 19.c4 Qg4 20.cxb5 Rec8 21.Nf5 Kf8 
22.Nxe5 dxe5 23.Qc5+ Kg8 24.Ne7+ Kh7 25.Nxc8 Rxc8 26.Qe7 Qxe4 27.bxa6 Bxd5
28.Re2 Ra8 29.Qxc7 Rxa6 30.Qc2 Rb6 31.Rc1 Rxb3 32.Qxe4+ Nxe4 33.Rd1 Be6 
34.h3 h5 35.Ra1 Kg6 36.Ra3 Rb4 37.Ra5 Kf6 38.Kh2 h4 39.Kg1 Rc4 40.Rb5 Rc1+
41.Kh2 Ng3 0-1

[Event "26th EUR-ch"]
[Site "Katowice POL"]
[Date "2026.04.18"]
[Round "10.233"]
[White "Zychon, Rozalia"]
[Black "Tendera, Jan"]
[Result "0-1"]
[WhiteElo "1471"]
[BlackElo "1628"]
[EventDate "2026.04.07"]
[PlyCount "54"]

1.c4 Nf6 2.Nc3 g6 3.d4 d5 4.e3 Bg7 5.Nf3 O-O 6.cxd5 Nxd5 7.Be2 c5 8.O-O 
Nc6 9.a3 cxd4 10.exd4 Bg4 11.Be3 Rc8 12.Rc1 Nxe3 13.fxe3 Bh6 14.Qd2 Qb6 
15.Nd5 Qd8 16.Nc3 Rc7 17.Ne1 Qxd4 18.Qxd4 Nxd4 19.exd4 Bxe2 20.Rc2 Bxf1 
21.Kxf1 Rd8 22.Nf3 Bg7 23.Rd2 a6 24.Ne2 Rcd7 25.Ke1 e5 26.dxe5 Rxd2 27.
Nxd2 Bxe5 0-1

[Event "26th EUR-ch"]
[Site "Katowice POL"]
[Date "2026.04.18"]
[Round "10.238"]
[White "Nowak, Lukasz"]
[Black "Ilgililer, Bertug"]
[Result "1-0"]
[WhiteElo "2166"]
[BlackElo "1996"]
[EventDate "2026.04.07"]
[PlyCount "103"]

1.d4 d5 2.c4 e6 3.Nf3 Nf6 4.g3 Bb4+ 5.Bd2 Be7 6.Bg2 c6 7.Qc2 Nbd7 8.O-O b6
9.a4 Ba6 10.b3 O-O 11.Rc1 Rc8 12.a5 c5 13.axb6 Qxb6 14.Qa2 Bb7 15.Ba5 Qc6 
16.dxc5 Bxc5 17.b4 Bb6 18.c5 e5 19.Nbd2 Bxa5 20.Qxa5 a6 21.e3 Rfe8 22.Nb3 
Qe6 23.Nfd2 Qf5 24.Qa2 Ng4 25.Nf1 Re6 26.Na5 Ba8 27.Rd1 Rf6 28.f3 Nh6 29.
e4 dxe4 30.fxe4 Bxe4 31.Bxe4 Qxe4 32.Rxd7 Qxb4 33.Rc1 Qb5 34.Qd2 Re6 35.
Ne3 g6 36.c6 Kg7 37.Rb7 Qa4 38.c7 Re7 39.Nd5 Rd7 40.Nc6 Qa3 41.Qc3 Qxc3 
42.Rxc3 Rxd5 43.Ne7 Rd1+ 44.Kg2 Rd2+ 45.Kh3 g5 46.g4 Rxc7 47.Rbxc7 Rd4 48.
R7c4 Rd1 49.Kg2 Rd2+ 50.Kg3 f5 51.gxf5 Kf6 52.Rc6+ 1-0

[Event "26th EUR-ch"]
[Site "Katowice POL"]
[Date "2026.04.19"]
[Round "11.1"]
[White "Dehtiarov, Roman"]
[Black "Anton Guijarro, David"]
[Result "1-0"]
[WhiteElo "2452"]
[BlackElo "2656"]
[EventDate "2026.04.07"]
[PlyCount "83"]

1.e4 e5 2.Nf3 Nc6 3.Bb5 a6 4.Ba4 Nf6 5.O-O Be7 6.d3 b5 7.Bb3 d6 8.c3 O-O 
9.h3 h6 10.Nbd2 Re8 11.Re1 Bf8 12.Nf1 Be6 13.a4 Bxb3 14.Qxb3 Na5 15.Qc2 c5
16.Ne3 Qc7 17.Nh2 h5 18.g4 c4 19.axb5 axb5 20.gxh5 Nxh5 21.Nd5 Qb7 22.dxc4
Nxc4 23.Rxa8 Rxa8 24.Qe2 g6 25.Ng4 Bg7 26.b3 Na5 27.Bg5 Re8 28.Qe3 f5 29.
Ra1 f4 30.Qe2 Nc6 31.b4 Kh8 32.Kg2 f3+ 33.Qxf3 Rf8 34.Qe3 Qc8 35.Bh6 Nf4+ 
36.Nxf4 exf4 37.Bxf4 Qd7 38.Bh6 Re8 39.Ra6 Ne5 40.Ra7 Nxg4 41.Bxg7+ Qxg7 
42.hxg4 1-0

[Event "26th EUR-ch"]
[Site "Katowice POL"]
[Date "2026.04.19"]
[Round "11.2"]
[White "Suleymanli, Aydin"]
[Black "Muradli, Mahammad"]
[Result "1/2-1/2"]
[WhiteElo "2653"]
[BlackElo "2605"]
[EventDate "2026.04.07"]
[PlyCount "74"]

1.e4 c5 2.Nf3 d6 3.Bb5+ Bd7 4.c4 Bxb5 5.cxb5 Nf6 6.Nc3 a6 7.bxa6 Nxa6 8.d4
g6 9.O-O Bg7 10.Qe2 cxd4 11.Nxd4 O-O 12.Be3 Nc5 13.f3 Na4 14.Ndb5 Nd7 15.
Nxa4 Rxa4 16.a3 Ra6 17.Rac1 Rc6 18.Na7 Ra6 19.Nb5 Rc6 20.Na7 Rxc1 21.Rxc1 
Nc5 22.b4 Ne6 23.Rc8 Qd7 24.Qb5 Qxb5 25.Rxf8+ Kxf8 26.Nxb5 Ke8 27.Kf2 Kd7 
28.Ke2 f5 29.g3 fxe4 30.fxe4 Be5 31.Kd3 h5 32.a4 h4 33.gxh4 Bxh2 34.Bf2 g5
35.hxg5 Nxg5 36.a5 e6 37.Be3 Nf7 1/2-1/2

[Event "26th EUR-ch"]
[Site "Katowice POL"]
[Date "2026.04.19"]
[Round "11.3"]
[White "Abasov, Nijat"]
[Black "Deac, Bogdan-Daniel"]
[Result "1/2-1/2"]
[WhiteElo "2586"]
[BlackElo "2655"]
[EventDate "2026.04.07"]
[PlyCount "62"]

1.d4 Nf6 2.c4 e6 3.Nc3 Bb4 4.Nf3 h6 5.e3 c5 6.a3 Bxc3+ 7.bxc3 d6 8.Bd3 Nc6
9.e4 e5 10.d5 Ne7 11.a4 Ng6 12.a5 Nh7 13.h3 Bd7 14.Bc2 O-O 15.g4 Ng5 16.h4
Nxf3+ 17.Qxf3 Nxh4 18.Qg3 g5 19.f4 exf4 20.Bxf4 gxf4 21.Qxh4 Qxh4+ 22.Rxh4
Kg7 23.Kf2 Rae8 24.Kf3 Re5 25.Kxf4 f6 26.Rb1 Bc8 27.Rbh1 Rh8 28.Bd3 Rg5 
29.Be2 Re5 30.Bd3 Rg5 31.Be2 Re5 1/2-1/2

[Event "26th EUR-ch"]
[Site "Katowice POL"]
[Date "2026.04.19"]
[Round "11.5"]
[White "Gurel, Ediz"]
[Black "Korobov, Anton"]
[Result "1/2-1/2"]
[WhiteElo "2635"]
[BlackElo "2610"]
[EventDate "2026.04.07"]
[PlyCount "56"]

1.e4 e5 2.Nf3 Nc6 3.Bb5 a6 4.Ba4 Bc5 5.O-O Nge7 6.c3 Ng6 7.d4 Ba7 8.Bg5 f6
9.Be3 O-O 10.Nbd2 d6 11.Re1 Kh8 12.h3 Bd7 13.Nf1 exd4 14.cxd4 d5 15.exd5 
Nb4 16.d6 Bxa4 17.Qxa4 Qxd6 18.Ng3 Nd5 19.Ne4 Qe6 20.Bd2 Qf7 21.Qb3 c6 22.
Nc5 Bxc5 23.dxc5 Rae8 24.Rad1 Kg8 25.Nd4 Re5 26.Nf3 Ree8 27.Nd4 Re5 28.Nf3
Ree8 1/2-1/2